=LDR 00000nam 2200000 4500 =001 INLIS000000000011018 =005 20130612102626 =008 ***********************************Ind** =035 ##$$0010-061300000011018 =041 ##$$a Ind =082 ##$$a 658.840 26 =090 ##$$a 658.840 26, Sum-p =100 ##$$a Sumitro, H Rokhmat =245 ##$$a Praturan dan Instruksi lelang, H. Rocmat Soemitro =260 ##$$a 1987 $b BAndung =300 ##$$a viii, 199 hlm., Ilus, 21 cm =650 ##$$a Lelang dan Pelelangan =650 ##$$a Undang -undang dan peraturan =850 ##$$a NBPNMAT